KOHA-Header-6

The Silent Patient (Record no. 13870)

000 -LEADER
fixed length control field 00268nam a22001217a 4500
020 ## - INTERNATIONAL STANDARD BOOK NUMBER
ISBN 978-1250301697
082 ## - DEWEY DECIMAL CLASSIFICATION NUMBER
Classification number 823.92
100 ## - MAIN ENTRY--AUTHOR NAME
Personal name Alex Michaelides
245 ## - TITLE STATEMENT
Title The Silent Patient
260 ## - PUBLICATION, DISTRIBUTION, ETC. (IMPRINT)
Place of publication New York
Name of publisher Celadon Books
Year of publication 2019
300 ## - PHYSICAL DESCRIPTION
Number of Pages 336 pages
942 ## - ADDED ENTRY ELEMENTS (KOHA)
Koha item type Books
Holdings
Withdrawn status Lost status Collection code Permanent Location Current Location Shelving location Date acquired Full call number Accession Number Koha item type
    English Literature MAJU MAJU Shelf No.A23 2024-01-02 823.92 10958 Books

Powered by Koha